000
00225 a2200097 4500
001
54803
100
_a
ICRC
245
_a
Geneva conventions of August 12-1949
260
_a
Geneva
_b
ICRC
_c
1996
090
_c
33995
_d
33995
942
_a
NUST-CAE
_c
MONOGRAPH
_c
26663
999
_c
289876
_d
289876